000 01747nam0a2200337 i 4500
001 RU\NLR\BIBL_A\010731377
005 20241102221900.0
010 _a9785846511491
010 _a978-5-9676-0386-0
_91000
035 _a(NLR Aleph) 010731377
090 _a9866112
_c9866112
100 _a20150417d2013 u y0rusy50 ca
101 0 _arus
102 _aRU
105 _aac||z||||00yy
200 1 _aОлень Золотые Рога
_eрассказы об охоте за наскальными рисунками
_fА. П. Окладников
210 _aСанкт-Петербург
_cФилологический факультет СПбГУ
_cПетрополис
_d2013
215 _a189, [3] с., [1] л. портр.
_cил., портр.
_d21
300 _aНа обороте тит.л. авт.: Окладников А.П., д.ист.н., засл. деятель науки РСФСР, лауреат Гос. премии СССР
316 _aС автогр. авт.
_5NLR
320 _aБиблиогр.: с. 172 (18 назв.)
320 _aАннот. библиогр. трудов А.П. Окладникова по наскал. искусству Евразии в конце кн.
606 _aНаскальные изображения
_yСибирь
_91758446
_3RU\NLR\AUTH\66788455
606 1 _aНаскальные изображения
_yДальний Восток
_91758283
_3RU\NLR\AUTH\66788379
606 _aНаскальные изображения
_yМонголия
_91653587
_3RU\NLR\AUTH\66732035
686 1 _aТ493.4
700 1 _aОкладников
_bА. П.
_f1908-1981
_gАлексей Павлович
942 _cBOOK
980 _aNBR